[Event "Detroit (MCO/5/20)"]
[Site "?"]
[Date "1990.??.??"]
[Round "?"]
[White "Davy, Erez"]
[Black "Franke, R."]
[Result "1-0"]
[WhiteElo "1605"]
[BlackElo "1835"]
[PlyCount "125"]
[EventDate "1990.??.??"]

{5/(20)} 1. d4 Nf6 2. c4 e6 3. Nc3 Bb4 4. Bd2 O-O 5. Nf3 d5 6. cxd5 exd5 7. g3
h6 8. Bg2 Bf5 9. O-O c6 10. Rc1 Nbd7 11. Qb3 Bxc3 12. Bxc3 Qb6 13. Qxb6 Nxb6
14. Rfe1 Rfe8 15. e3 a5 16. b3 Ne4 17. Bb2 a4 18. b4 Nc4 19. Bc3 Nxc3 20. Rxc3
Be4 21. a3 f6 22. Rd1 Kf7 23. Nd2 Bxg2 24. Nxc4 Bf3 25. Nd6+ Kf8 26. Nxe8 Bxd1
27. Nd6 Rb8 28. Nf5 Bg4 29. Nh4 g5 30. Ng2 Kf7 31. Ne1 Bd7 32. Nd3 b6 33. Kg2
Ke7 34. f3 h5 35. Nf2 Rc8 36. e4 Ke6 37. Re3 Re8 38. Rc3 Rb8 39. Re3 Re8 40.
Re2 Rc8 41. Re3 Re8 42. Rc3 Kd6 43. Re3 c5 44. bxc5+ bxc5 45. dxc5+ Kxc5 46.
Rc3+ Kd6 47. Rd3 Bc6 48. exd5 Bb5 49. Rd2 Bc4 50. Ne4+ Ke5 51. d6 Rd8 52. Kf2
g4 53. Nc3 Bb3 54. fxg4 hxg4 55. Nb5 Bc4 56. Nc3 Bb3 57. Nb5 f5 58. Ke3 Rd7 59.
Rd4 Rd8 60. Kd3 Rd7 61. Ke3 Ke6 62. Kf4 Rd8 63. Nc7+ {[1-0,79]} 1-0

[Event "Detroit (MI Op/4/40)"]
[Site "?"]
[Date "1990.??.??"]
[Round "?"]
[White "Davis, Ralph"]
[Black "Thomas, C."]
[Result "0-1"]
[WhiteElo "1605"]
[BlackElo "2145"]
[PlyCount "116"]
[EventDate "1990.??.??"]

{4/(40)} 1. d4 Nf6 2. Nf3 g6 3. Bg5 Bg7 4. e3 O-O 5. Bd3 h6 6. Bh4 d6 7. c3 Nc6
8. O-O Bd7 9. Nbd2 Qe8 10. e4 e5 11. dxe5 dxe5 12. Nc4 Rd8 13. Qe2 Bg4 14. Rad1
Qe6 15. b3 Rd7 16. Bxf6 Qxf6 17. Ne3 Bxf3 18. Qxf3 Qxf3 19. gxf3 Rfd8 20. Nd5
Kf8 21. Be2 a6 22. Rd3 Nb8 23. Rfd1 c6 24. Nb6 Rxd3 25. Rxd3 Rxd3 26. Bxd3 Ke8
27. Nc4 Kd7 28. a4 Kc7 29. Kf1 Nd7 30. Ke1 Nc5 31. Bc2 b5 32. axb5 axb5 33. Nb2
Ne6 34. b4 Nf4 35. Nd3 Ne6 36. Kf1 Kd6 37. Bb3 Nd8 38. c4 bxc4 39. Bxc4 Bf8 40.
Ke2 Be7 41. b5 cxb5 42. Bxb5 Bg5 43. Kf1 Ne6 44. Bc4 Nd8 45. Kg2 Bd2 46. Kg3 f6
47. f4 exf4+ 48. Nxf4 Bxf4+ 49. Kxf4 Kc5 50. Ba2 Kd4 51. f3 Nc6 52. Kg3 Ke3 53.
Bb1 Nd4 54. f4 Ne2+ 55. Kg4 h5+ 56. Kh3 Nxf4+ 57. Kg3 g5 58. h4 Ne2+ 0-1

[Event "Detroit (MI Op/1a/27)"]
[Site "?"]
[Date "1990.??.??"]
[Round "?"]
[White "Davis, Ralph"]
[Black "Palmer, Tony"]
[Result "0-1"]
[WhiteElo "1605"]
[BlackElo "1990"]
[PlyCount "102"]
[EventDate "1990.??.??"]

1. d4 Nf6 2. Nf3 b6 3. Bg5 Bb7 4. e3 e6 5. Bd3 h6 6. Bh4 Be7 7. c3 d6 8. O-O
Nbd7 9. Nbd2 O-O 10. Rc1 e5 11. dxe5 Nxe5 12. Nxe5 dxe5 13. Bxf6 Bxf6 14. Be4
Qc8 15. Bxb7 Qxb7 16. Qf3 Qc8 17. Ne4 Be7 18. Rcd1 Qe6 19. b3 f5 20. Nd2 e4 21.
Qe2 Bf6 22. Qc4 Qxc4 23. Nxc4 Bxc3 24. Rc1 Bf6 25. Rfd1 Rfd8 26. g3 Rxd1+ 27.
Rxd1 Rd8 28. Rxd8+ Bxd8 29. Kg2 Bf6 30. f3 exf3+ 31. Kxf3 Kf7 32. Kf4 Ke6 33.
h4 a6 34. e4 fxe4 35. Kxe4 b5 36. Ne3 a5 37. Nd5 Be5 38. g4 c6 39. Nf4+ Bxf4
40. Kxf4 a4 41. g5 h5 42. bxa4 bxa4 43. Ke4 c5 44. Kd3 Kd5 45. g6 c4+ 46. Kc3
Kc5 47. a3 Kd5 48. Kb4 Kd4 49. Kxa4 Kd3 50. Kb4 c3 51. Kb3 Kd2 0-1

[Event "Detroit (MI Op/5/44)"]
[Site "?"]
[Date "1990.??.??"]
[Round "?"]
[White "Davis, Ralph"]
[Black "June, Brian"]
[Result "0-1"]
[WhiteElo "1605"]
[BlackElo "1865"]
[PlyCount "98"]
[EventDate "1990.??.??"]

{5/(44)} 1. d4 d5 2. Nf3 Nf6 3. Bg5 e6 4. e3 Bd6 5. Bd3 Nbd7 6. O-O O-O 7. c3
c5 8. b3 Qc7 9. Nbd2 e5 10. e4 h6 11. Bxf6 Nxf6 12. g3 Bg4 13. Re1 Rfe8 14. Qc1
cxd4 15. cxd4 Qa5 16. Nxe5 Rac8 17. Qb2 Ba3 18. Qb1 Qxd2 19. Nxg4 Nxg4 20. Re2
Qg5 21. Rc2 dxe4 22. Bxe4 Qd8 23. Rxc8 Qxc8 24. Qe1 Nf6 25. f3 Qe6 26. Qa5 Nxe4
27. Re1 Qd6 28. Kg2 Nf6 29. Rxe8+ Nxe8 30. Qxa7 Nf6 31. Qxb7 Qxd4 32. Qa8+ Bf8
33. a4 Qb2+ 34. Kh3 Qxb3 35. a5 Qe6+ 36. g4 Ne8 37. Qb7 Bc5 38. a6 h5 39. a7
hxg4+ 40. fxg4 Qe3+ 41. Kh4 Bxa7 42. h3 g5+ 43. Kh5 Ng7+ 44. Kh6 Qe6+ 45. Kxg5
Be3+ 46. Kh4 Bf2+ 47. Kg5 Qe5+ 48. Kh6 Be3+ 49. g5 Qxg5# 0-1

[Event "Detroit (MI Op/6/43)"]
[Site "?"]
[Date "1990.??.??"]
[Round "?"]
[White "Davis, Ralph"]
[Black "Jost, A."]
[Result "0-1"]
[WhiteElo "1605"]
[BlackElo "1825"]
[PlyCount "60"]
[EventDate "1990.??.??"]

{6/(43)} 1. d4 e6 2. Nf3 Nf6 3. Bg5 Be7 4. e3 h6 5. Bh4 a6 6. Bd3 O-O 7. Nbd2
d5 8. h3 c5 9. c3 c4 10. Bc2 Nc6 11. O-O Bd7 12. b3 b5 13. bxc4 bxc4 14. Rb1
Rb8 15. Ne5 Nxe5 16. dxe5 Nh7 17. Bxe7 Qxe7 18. Bxh7+ Kxh7 19. Qc2+ Kg8 20. e4
Qc5 21. exd5 exd5 22. Rxb8 Rxb8 23. Rb1 Qa7 24. Rxb8+ Qxb8 25. Nf3 a5 26. Qd2
a4 27. Qc2 a3 28. Kf1 Qb2 29. Qxb2 axb2 30. Nd2 d4 0-1

[Event "Detroit (MI Op/7/41)"]
[Site "?"]
[Date "1990.??.??"]
[Round "?"]
[White "Davis, Michael"]
[Black "Wheeler, R."]
[Result "1-0"]
[WhiteElo "1605"]
[BlackElo "1605"]
[PlyCount "59"]
[EventDate "1990.??.??"]

{7/(41)} 1. d4 d6 2. e4 g6 3. Nf3 Bg7 4. Nc3 Nf6 5. Be2 O-O 6. O-O Bg4 7. h3
Bxf3 8. Bxf3 Nbd7 9. h4 e5 10. d5 c6 11. h5 Ne8 12. Be3 h6 13. hxg6 fxg6 14.
Bg4 Qe7 15. f4 Nef6 16. Be6+ Kh7 17. f5 g5 18. g4 a6 19. Rf2 Ng8 20. Ne2 c5 21.
Ng3 Ndf6 22. Rh2 Ne8 23. Qd2 Bf6 24. Nh5 Nc7 25. Nxf6+ Qxf6 26. Bxg5 Qg7 27. f6
Rxf6 28. Bxg8+ Kxg8 29. Bxf6 Qxf6 30. Rxh6 1-0

[Event "Detroit (MI Op/2/47)"]
[Site "?"]
[Date "1990.??.??"]
[Round "?"]
[White "Davis, Michael"]
[Black "Ramas, C."]
[Result "0-1"]
[WhiteElo "1605"]
[BlackElo "1895"]
[PlyCount "78"]
[EventDate "1990.??.??"]

{2/(47)} 1. d4 Nf6 2. e3 d5 3. Bd3 e6 4. Nf3 c5 5. c3 Nc6 6. Nbd2 Be7 7. O-O
O-O 8. a3 a5 9. b3 Nd7 10. e4 dxe4 11. Nxe4 cxd4 12. cxd4 Nf6 13. Rb1 g6 14.
Ng3 Nxd4 15. Nxd4 Qxd4 16. Bb2 Qh4 17. Re1 Rd8 18. Qf3 Qg4 19. Bxf6 Qxf3 20.
gxf3 Bxf6 21. Bc4 Bd7 22. Ne4 Be7 23. a4 Bc6 24. Kg2 Rd4 25. Rbd1 Rad8 26. Rxd4
Rxd4 27. Nc3 Bb4 28. Rc1 h5 29. Bb5 Rg4+ 30. Kf1 Bxf3 31. Be2 Rf4 32. h3 Bxe2+
33. Nxe2 Rf3 34. Rc8+ Kg7 35. Ng3 Rxb3 36. Rb8 Bd6 37. Ra8 Bxg3 38. fxg3 Rxg3
39. Rxa5 Rxh3 0-1

[Event "Detroit (MI Op/3/46)"]
[Site "?"]
[Date "1990.??.??"]
[Round "?"]
[White "Davis, Michael"]
[Black "Choksi, E."]
[Result "1-0"]
[WhiteElo "1605"]
[BlackElo "1865"]
[PlyCount "70"]
[EventDate "1990.??.??"]

{3/(46)} 1. d4 Nf6 2. e3 d5 3. Bd3 c5 4. c3 Nc6 5. Nf3 Qc7 6. Nbd2 e5 7. Nxe5
Nxe5 8. dxe5 Qxe5 9. c4 Bd6 10. cxd5 Qxd5 11. Nf3 O-O 12. O-O Bg4 13. Re1 Qh5
14. h3 Be6 15. e4 Bc7 16. Ng5 Qxd1 17. Rxd1 Rad8 18. Be3 b6 19. Nxe6 fxe6 20.
f4 Nh5 21. f5 exf5 22. Bc4+ Kh8 23. Rxd8 Bxd8 24. exf5 Ng3 25. Rd1 Bf6 26. Be6
Bxb2 27. Bg5 Bd4+ 28. Kh2 Be5 29. Kg1 Bd4+ 30. Kh2 Ne4 31. Be7 Re8 32. Bh4 g5
33. Bg3 Rd8 34. Rxd4 Rf8 35. Rxe4 h5 1-0

[Event "Detroit (MI Op/5/42)"]
[Site "?"]
[Date "1990.??.??"]
[Round "?"]
[White "Davis, Michael"]
[Black "Ball, Ed"]
[Result "0-1"]
[WhiteElo "1605"]
[BlackElo "1885"]
[PlyCount "52"]
[EventDate "1990.??.??"]

{5/(42)} 1. d4 d5 2. e3 e6 3. Bd3 Bd6 4. Nf3 Nf6 5. O-O Nbd7 6. Nbd2 e5 7. Nxe5
Nxe5 8. dxe5 Bxe5 9. f4 Bd6 10. c3 Qe7 11. Nf3 Bg4 12. h3 Bd7 13. c4 Bc5 14.
Kh1 O-O-O 15. cxd5 Nxd5 16. e4 Nb4 17. e5 Nxd3 18. Qxd3 Bxh3 19. Qe2 Bg4 20. g3
h5 21. f5 h4 22. Bg5 hxg3+ 23. Kg2 Bxf3+ 24. Rxf3 Qxg5 25. Rxg3 Qxf5 26. Qg4
Rd2+ 0-1

[Event "Detroit (MI Op/1b/8)"]
[Site "?"]
[Date "1990.??.??"]
[Round "?"]
[White "Davis, J."]
[Black "Lehotzky, Attila"]
[Result "1/2-1/2"]
[WhiteElo "1845"]
[BlackElo "2075"]
[PlyCount "100"]
[EventDate "1990.??.??"]

1. c4 Nf6 2. d4 e6 3. Nf3 Bb4+ 4. Nc3 O-O 5. Qc2 d5 6. c5 Ne4 7. Bf4 b6 8. cxb6
axb6 9. e3 Ba6 10. Bxa6 Nxa6 11. Nd2 Nxd2 12. Qxd2 c5 13. O-O Nc7 14. Qd3 Ne8
15. Ne2 h6 16. a3 c4 17. Qc2 Be7 18. e4 f5 19. exf5 exf5 20. Rae1 Bd6 21. Qc1
Nf6 22. f3 Qc7 23. Bxd6 Qxd6 24. Nc3 Rae8 25. Qd2 Nh5 26. g3 f4 27. g4 Nf6 28.
Kf2 Re3 29. Qc2 Rfe8 30. Re2 Rxe2+ 31. Nxe2 Re3 32. Nc3 Qe6 33. Ne2 Rd3 34. Qc1
g5 35. Rd1 Rxd1 36. Qxd1 Qe3+ 37. Kg2 Nxg4 38. fxg4 f3+ 39. Kf1 fxe2+ 40. Qxe2
Qf4+ 41. Kg2 Kf7 42. Qf2 Qxf2+ 43. Kxf2 Ke6 44. Ke2 Kd6 45. Kd2 Kc6 46. Kc3 Kb5
47. Kd2 Ka4 48. Kc2 b5 49. Kc3 Ka5 50. b3 Kb6 1/2-1/2

[Event "Detroit (MI Op/4/41)"]
[Site "?"]
[Date "1990.??.??"]
[Round "?"]
[White "Davis, J."]
[Black "Golonka, Stan"]
[Result "1/2-1/2"]
[WhiteElo "1845"]
[BlackElo "1955"]
[PlyCount "82"]
[EventDate "1990.??.??"]

{4/(41)} 1. e4 c5 2. Nf3 Nc6 3. d4 cxd4 4. Nxd4 e5 5. Nf3 Nf6 6. Bg5 Qa5+ 7.
Bd2 Qb6 8. Nc3 a6 9. Bc4 Bb4 10. O-O O-O 11. Bg5 Bxc3 12. Bxf6 Bxb2 13. Rb1 Qc5
14. Rxb2 Qxc4 15. Nd2 Qe6 16. Bh4 d5 17. Bg3 dxe4 18. Nxe4 Rd8 19. Qh5 Qg6 20.
Qe2 b5 21. Ng5 Rd5 22. Qe3 Qd6 23. Ne4 Qe7 24. f4 Qa7 25. Qxa7 Rxa7 26. fxe5
Nxe5 27. Nc3 Nc4 28. Nxd5 Nxb2 29. Re1 Be6 30. Nc7 h6 31. Nxe6 fxe6 32. Rxe6
Kf7 33. Rc6 a5 34. Kf2 Rd7 35. Ke2 Nc4 36. Rc7 Rxc7 37. Bxc7 Ke6 38. Kd3 Kd5
39. Bd8 g6 40. Bf6 h5 41. h3 Nd6 1/2-1/2

[Event "Detroit (RVO/2)"]
[Site "?"]
[Date "1990.??.??"]
[Round "?"]
[White "Daugherty, C."]
[Black "Endres, John"]
[Result "0-1"]
[WhiteElo "1605"]
[BlackElo "1605"]
[PlyCount "44"]
[EventDate "1990.??.??"]

1. d4 Nf6 2. Nf3 g6 3. e3 Bg7 4. Bd3 O-O 5. Nbd2 c5 6. c3 Nc6 7. O-O d5 8. Ne5
Nxe5 9. dxe5 Ng4 10. Nf3 Nxe5 11. Nxe5 Bxe5 12. h4 Bf5 13. Bxf5 gxf5 14. Qh5 e6
15. e4 dxe4 16. Bg5 Bf6 17. Rad1 Qe7 18. g4 Kh8 19. Qh6 Bxg5 20. hxg5 Rg8 21.
f4 exf3 22. Rxf3 Qxg5 0-1

[Event "Detroit (RVO/2)"]
[Site "?"]
[Date "1990.??.??"]
[Round "?"]
[White "Darbro, D."]
[Black "Shields, B."]
[Result "1-0"]
[WhiteElo "1945"]
[BlackElo "1605"]
[PlyCount "62"]
[EventDate "1990.??.??"]

1. e4 e6 2. d3 c5 3. Nf3 Nf6 4. g3 Nc6 5. c3 Bd6 6. Bg2 O-O 7. Qe2 e5 8. O-O
Bc7 9. Na3 a6 10. Be3 d6 11. h3 Be6 12. Ng5 Bd7 13. f4 h6 14. Nf3 Nh5 15. Qf2
f5 16. exf5 Bxf5 17. Nh4 Bxd3 18. Rfd1 e4 19. Bxc5 dxc5 20. Bxe4 Ne5 21. Ng6
Bb6 22. Nc4 Nxc4 23. Bxd3 Nd6 24. Bc4+ Kh7 25. Nxf8+ Qxf8 26. Qc2+ Kh8 27. b3
Nxg3 28. Qg2 Qxf4 29. Qf2 Qg5 30. Kh2 Nde4 31. Qg2 Bc7 {[The remainder is
illegible. 1-0, 63?]} 1-0

[Event "Detroit (RVO/5)"]
[Site "?"]
[Date "1990.??.??"]
[Round "?"]
[White "Darbro, D."]
[Black "Moore, Robert"]
[Result "1/2-1/2"]
[WhiteElo "1945"]
[BlackElo "1735"]
[PlyCount "65"]
[EventDate "1990.??.??"]

1. e4 c5 2. d3 d6 3. f4 g6 4. g3 Bg7 5. c3 Nf6 6. Nf3 Nc6 7. Bg2 Bg4 8. Nbd2 e5
9. fxe5 Nxe5 10. Qc2 O-O 11. h3 Bd7 12. g4 Bb5 13. c4 Bc6 14. Rb1 Nfd7 15. O-O
Qe7 16. b3 Rae8 17. Bb2 Nxf3+ 18. Nxf3 Ne5 19. Rf2 b5 20. Rbf1 b4 21. Kh1 a5
22. Bc1 Nxf3 23. Bxf3 Bd4 24. Rg2 g5 25. Bb2 Qe5 26. Bxd4 Qxd4 27. Rgf2 f6 28.
Bg2 Bd7 29. Qe2 Kg7 30. Qc2 Re5 31. Qe2 h6 32. Bf3 h5 33. Qd2 1/2-1/2

[Event "Detroit (MI Op/3/19)"]
[Site "?"]
[Date "1990.??.??"]
[Round "?"]
[White "Darbro, D."]
[Black "Moody, David"]
[Result "0-1"]
[WhiteElo "1920"]
[BlackElo "2105"]
[PlyCount "53"]
[EventDate "1990.??.??"]

{3/(19)} 1. e4 e5 2. Bc4 Nf6 3. d3 Nc6 4. Nf3 Bc5 5. c3 d6 6. b4 Bb6 7. a4 a5
8. b5 Ne7 9. Bb3 Ng6 10. Nbd2 Nf4 11. Nc4 Nxg2+ 12. Ke2 Bg4 13. Rg1 Nh4 14.
Rxg4 Nxg4 15. Bg5 Nxf2 16. Qf1 Qc8 17. Nxb6 cxb6 18. Bxh4 Qxc3 19. Bxf7+ Kxf7
20. Qxf2 Rhf8 21. Rg1 Kg8 22. Qg3 Qc2+ 23. Ke3 Qc7 24. Qg4 Rae8 25. Ng5 Qc5+
26. Kd2 Rf4 27. Qh5 0-1

[Event "Detroit (MI Op/1a/11)"]
[Site "?"]
[Date "1990.??.??"]
[Round "?"]
[White "Darbro, D."]
[Black "Mazuchowski, Tom"]
[Result "0-1"]
[WhiteElo "1920"]
[BlackElo "2185"]
[PlyCount "66"]
[EventDate "1990.??.??"]

1. e4 c5 2. d3 g6 3. c3 Bg7 4. Be3 b6 5. Qd2 d5 6. d4 cxd4 7. Bxd4 e5 8. Bb5+
Ke7 9. Bxe5 Bxe5 10. exd5 Nf6 11. Qe2 Kd6 12. Na3 Bf4 13. Nc4+ Kc7 14. Qf3 Qe7+
15. Kf1 Qe4 16. Re1 Qxf3 17. Nxf3 Nxd5 18. Nce5 Be6 19. Nxf7 Bxf7 20. c4 a6 21.
cxd5 Bxd5 22. Re7+ Kd6 23. Re8 Rxe8 24. Bxe8 Bxa2 25. Ke2 Ke7 26. Ba4 b5 27.
Bc2 Bc4+ 28. Bd3 Bxd3+ 29. Kxd3 Nc6 30. Re1+ Kd6 31. Re4 Be5 32. b3 Bf6 33. Nd2
Ne5+ 0-1

[Event "Detroit (MI Op/5/37)"]
[Site "?"]
[Date "1990.??.??"]
[Round "?"]
[White "Darbro, D."]
[Black "Davis, J."]
[Result "1-0"]
[WhiteElo "1920"]
[BlackElo "1845"]
[PlyCount "59"]
[EventDate "1990.??.??"]

{5/(37)} 1. e4 e5 2. Nf3 d6 3. Bc4 Be7 4. c3 Nf6 5. d3 c6 6. a4 O-O 7. h3 d5 8.
exd5 cxd5 9. Bb3 Bd6 10. O-O Nbd7 11. Bg5 Qc7 12. Nbd2 h6 13. Be3 Re8 14. Bc2
Nf8 15. Re1 Ng6 16. Nb3 b6 17. Nfd2 Be6 18. d4 e4 19. Nf1 Rad8 20. a5 Nh4 21.
axb6 axb6 22. Nbd2 Qc8 23. Ba4 Nxg2 24. Bxe8 Bxh3 25. Bxf7+ Kxf7 26. Ng3 Bg4
27. Qb3 Bf3 28. Bxh6 Qh3 29. Ra7+ Kg8 30. Rxg7+ 1-0

[Event "Detroit (MI Op/5/24)"]
[Site "?"]
[Date "1990.??.??"]
[Round "?"]
[White "Dangremond, Leonard"]
[Black "Turner, Darrell"]
[Result "1-0"]
[WhiteElo "1995"]
[BlackElo "1865"]
[PlyCount "57"]
[EventDate "1990.??.??"]

{5/(24)} 1. e4 d6 2. d4 Nf6 3. Bd3 Nc6 4. c3 e5 5. Ne2 d5 6. exd5 Qxd5 7. O-O
exd4 8. Nxd4 Nxd4 9. cxd4 c6 10. Re1+ Be6 11. Nc3 Qa5 12. Qb3 O-O-O 13. Rxe6
fxe6 14. Qxe6+ Kb8 15. Bf4+ Ka8 16. Be5 Bb4 17. Ne4 Rhe8 18. Qc4 Be7 19. a3 Qd5
20. Qc2 Qd7 21. Rc1 Rc8 22. b4 Nd5 23. Nc5 Bxc5 24. Bf5 Qe7 25. Bxc8 Rxc8 26.
bxc5 Qg5 27. Rb1 Nf4 28. Qe4 Qg4 29. Qxf4 1-0

[Event "Detroit (MI Op/3/25)"]
[Site "?"]
[Date "1990.??.??"]
[Round "?"]
[White "Dangremond, Leonard"]
[Black "Haakonstad, Olaf"]
[Result "0-1"]
[WhiteElo "1995"]
[BlackElo "1850"]
[PlyCount "42"]
[EventDate "1990.??.??"]

{3/(25)} 1. e4 e5 2. Nf3 Nc6 3. Bb5 a6 4. Bxc6 dxc6 5. O-O Bg4 6. h3 h5 7. d3
Qf6 8. Nbd2 Bc5 9. Nc4 Ne7 10. Ncxe5 Qe6 11. Be3 Bd6 12. Nc4 O-O-O 13. Nxd6+
Qxd6 14. hxg4 hxg4 15. e5 Qg6 16. Ng5 Qh5 17. f4 Nf5 18. Re1 Qh2+ 19. Kf2 Qg3+
20. Kg1 Nxe3 21. Qe2 Rh2 0-1

[Event "Detroit (MI Op/1a/26)"]
[Site "?"]
[Date "1990.??.??"]
[Round "?"]
[White "Dangremond, Leonard"]
[Black "Davis, Michael"]
[Result "1-0"]
[WhiteElo "1995"]
[BlackElo "1605"]
[PlyCount "93"]
[EventDate "1990.??.??"]

1. e4 e6 2. g3 d5 3. exd5 exd5 4. Bg2 c5 5. Ne2 Nc6 6. O-O Nf6 7. Re1 Be7 8. d4
O-O 9. Nbc3 Bf5 10. dxc5 Ne4 11. Nxe4 Bxe4 12. Bxe4 dxe4 13. Qxd8 Raxd8 14. Be3
Nb4 15. Rac1 Nd5 16. Bd4 Bg5 17. Rcd1 e3 18. f4 Bf6 19. Bxf6 Nxf6 20. Rd3 Rxd3
21. cxd3 Rd8 22. d4 Ne4 23. Rc1 Nd2 24. Kg2 h6 25. Rc3 Re8 26. b4 g5 27. fxg5
hxg5 28. d5 f5 29. d6 f4 30. gxf4 gxf4 31. Nxf4 e2 32. Nd3 Kf8 33. Ne1 Re6 34.
d7 Rg6+ 35. Kh3 Ke7 36. d8=Q+ Kxd8 37. Rd3+ Kc7 38. Rxd2 Re6 39. Kg3 Re3+ 40.
Kf2 Rh3 41. Kxe2 Rxh2+ 42. Kd3 Rxd2+ 43. Kxd2 Kc6 44. Kc3 Kb5 45. Nc2 a5 46.
Nd4+ Ka4 47. b5 1-0

[Event "Lansing (Feb)"]
[Site "?"]
[Date "1990.??.??"]
[Round "?"]
[White "Dakins, J."]
[Black "Suess, J."]
[Result "1-0"]
[WhiteElo "1605"]
[BlackElo "1605"]
[PlyCount "117"]
[EventDate "1990.??.??"]

1. e4 e6 2. d4 d6 3. Nc3 c6 4. Nf3 Nd7 5. Bd3 Be7 6. e5 d5 7. O-O h6 8. Be3 Nb6
9. Nd2 Bd7 10. Ne2 Qc7 11. c4 f5 12. c5 Nc4 13. Nxc4 dxc4 14. Bxc4 O-O-O 15.
Nf4 Rh7 16. Nxe6 Bxe6 17. Bxe6+ Kb8 18. Bxf5 Rh8 19. Qf3 Bg5 20. Bh3 Ne7 21. b4
Rdf8 22. Qe2 Nd5 23. a3 Nf4 24. Bxf4 Rxf4 25. Rad1 Rd8 26. Qc4 Be7 27. g3 Rff8
28. f4 g5 29. f5 Rg8 30. d5 Qxe5 31. Rfe1 Qf6 32. d6 Bxd6 33. Rxd6 Qf8 34.
Rxd8+ Qxd8 35. Qe4 g4 36. Bg2 h5 37. b5 Qf6 38. bxc6 Qxc6 39. Qxc6 bxc6 40.
Bxc6 Rf8 41. Re8+ Rxe8 42. Bxe8 Kc7 43. Bxh5 Kc6 44. f6 Kxc5 45. f7 a5 46.
f8=Q+ Kb5 47. Be8+ Kc4 48. Qf4+ Kb3 49. a4 Ka3 50. Qxg4 Kb3 51. h4 Ka3 52. h5
Kb3 53. h6 Ka3 54. h7 Kb3 55. Qe6+ Kb4 56. h8=R Ka3 57. Qc4 Kb2 58. Rh2+ Ka3
59. Qc3# 1-0

[Event "Lansing (Jan)"]
[Site "?"]
[Date "1990.??.??"]
[Round "?"]
[White "Dakins, J."]
[Black "Smith, MD."]
[Result "1-0"]
[WhiteElo "1605"]
[BlackElo "1605"]
[PlyCount "65"]
[EventDate "1990.??.??"]

1. e4 c5 2. Nf3 d6 3. Nc3 Nf6 4. Bc4 Nc6 5. d3 g6 6. Bg5 Bg7 7. Qd2 O-O 8. h4
Na5 9. Bh6 Nxc4 10. dxc4 Qb6 11. Bxg7 Kxg7 12. O-O-O a5 13. h5 Nxh5 14. Rxh5
gxh5 15. Qg5+ Kh8 16. Rh1 Bg4 17. Qh6 Bxf3 18. gxf3 Rg8 19. Rxh5 Rg7 20. Nd5
Qd8 21. Ne3 e6 22. f4 Qg8 23. Qf6 Qd8 24. Qh6 Qg8 25. Qf6 Qd8 26. Qh6 Rg1+ 27.
Kd2 Qg8 28. Rg5 Rxg5 29. fxg5 Qg6 30. Qh4 Kg7 31. Ng4 Qxe4 32. Qh6+ Kh8 33.
Qf6+ 1-0

[Event "Lansing (Feb)"]
[Site "?"]
[Date "1990.??.??"]
[Round "?"]
[White "Dakins, J."]
[Black "Smeckert, Dennis"]
[Result "0-1"]
[WhiteElo "1605"]
[BlackElo "1605"]
[PlyCount "42"]
[EventDate "1990.??.??"]

1. e4 e5 2. Bc4 Bc5 3. Nf3 d6 4. d3 h6 5. Nc3 Bg4 6. h3 Bh5 7. O-O Nd7 8. Be3
Qf6 9. Nd5 Qd8 10. a3 c6 11. Bxc5 cxd5 12. Bxd5 Nxc5 13. b4 Ne6 14. Bxb7 Rb8
15. Bc6+ Ke7 16. c4 Nd4 17. Bd5 Qd7 18. g4 Bxg4 19. hxg4 Qxg4+ 20. Kh1 Nxf3 21.
Rg1 Qh3# 0-1

[Event "Lansing (Jan)"]
[Site "?"]
[Date "1990.??.??"]
[Round "?"]
[White "Dakins, J."]
[Black "Skidmore, Jennifer"]
[Result "0-1"]
[WhiteElo "1605"]
[BlackElo "1720"]
[PlyCount "138"]
[EventDate "1990.??.??"]

1. e4 e5 2. Nf3 Nc6 3. Bc4 Be7 4. Nc3 Nf6 5. d3 d6 6. Bg5 Bg4 7. h3 Bh5 8. a3
Nd4 9. g4 Nxf3+ 10. Qxf3 Bg6 11. O-O-O Qd7 12. Bb5 c6 13. Bc4 O-O-O 14. Be3 Kb8
15. Qe2 d5 16. exd5 Nxd5 17. Bd2 f6 18. f3 Rhe8 19. Qf2 b5 20. Bb3 Qb7 21. Ne4
b4 22. a4 a5 23. Bc4 Nb6 24. Bb3 Bxe4 25. fxe4 Rd6 26. Be3 Nd7 27. Bc4 Rc8 28.
b3 Bd8 29. Rd2 Nb6 30. Bg8 h6 31. Bh7 Nd7 32. Bf5 Bc7 33. Rhd1 Rd8 34. d4 Ka8
35. d5 Nb6 36. h4 cxd5 37. exd5 Kb8 38. Be4 Nxd5 39. Qf3 Qc6 40. Bxd5 Qc3 41.
Rd3 Qa1+ 42. Kd2 Qb2 43. Qg2 Rc8 44. Ke1 Bb6 45. Bc4 Bd4 46. Bxd4 exd4 47. Qf2
Re8+ 48. Kf1 Re4 49. Re1 Rxg4 50. Re8+ Ka7 51. Re7+ Kb6 52. Re1 g5 53. hxg5
hxg5 54. Rf3 Kb7 55. Rxf6 Rxf6 56. Re7+ Kb8 57. Re8+ Kc7 58. Re7+ Kd8 59. Qxf6
Rf4+ 60. Qxf4 gxf4 61. Rf7 Qc1+ 62. Kf2 Qxc2+ 63. Kf3 Qd2 64. Rxf4 Qe3+ 65. Kg4
d3 66. Rf3 Qg1+ 67. Kf4 Qc1+ 68. Ke4 d2 69. Rd3+ Kc7 0-1

[Event "Flint (Class C/2)"]
[Site "?"]
[Date "1990.??.??"]
[Round "?"]
[White "Dakins, J."]
[Black "Serwatowski, Felix"]
[Result "0-1"]
[WhiteElo "1605"]
[BlackElo "1605"]
[PlyCount "64"]
[EventDate "1990.??.??"]

1. e4 d6 2. d4 c6 3. Nc3 g6 4. Nf3 Bg7 5. Bc4 Bg4 6. h3 Bxf3 7. Qxf3 e6 8. Be3
Qb6 9. O-O-O Qd8 10. g4 a5 11. a3 b5 12. Ba2 b4 13. Nb1 Na6 14. Bc4 bxa3 15.
Nxa3 Nb4 16. h4 Ne7 17. h5 d5 18. exd5 cxd5 19. Bb5+ Nbc6 20. h6 Bf8 21. Bg5
Qb6 22. Rd3 Nc8 23. Rb3 Nd6 24. Qf6 Rg8 25. Bxc6+ Qxc6 26. Rhh3 Ne4 27. Qe5 Bd6
28. Rhc3 Qa6 29. Qxe6+ fxe6 30. Nb5 Kd7 31. Be3 Nxc3 32. Rxc3 a4 0-1

[Event "Lansing (Apr)"]
[Site "?"]
[Date "1990.??.??"]
[Round "?"]
[White "Dakins, J."]
[Black "Eck, E."]
[Result "1-0"]
[WhiteElo "1605"]
[BlackElo "1605"]
[PlyCount "77"]
[EventDate "1990.??.??"]

1. e4 e5 2. Nf3 Nc6 3. Bc4 h6 4. O-O Nf6 5. Re1 a6 6. d4 exd4 7. Nxd4 Ne5 8.
Bb3 c5 9. Nf3 Qc7 10. Bf4 Nxf3+ 11. Qxf3 Qa5 12. c3 Be7 13. e5 Nh7 14. Qh5 c4
15. Bc2 d5 16. e6 O-O 17. Qf5 g6 18. exf7+ Rxf7 19. Qxg6+ Rg7 20. Qxh6 d4 21.
Bxh7+ Rxh7 22. Qg6+ Rg7 23. Qe4 Bh3 24. g3 Bg5 25. Qxd4 Bxf4 26. Qxf4 Qc5 27.
Nd2 Rf8 28. Qe3 Qd5 29. f3 Bd7 30. Rad1 Re8 31. Ne4 Qc6 32. Qd4 Rf8 33. Kg2 Qh6
34. h4 Rgf7 35. Ng5 Rg7 36. Qxc4+ Kh8 37. Re5 Rxg5 38. Rxg5 Qh7 39. Qd4+ 1-0

[Event "Lansing (Feb)"]
[Site "?"]
[Date "1990.??.??"]
[Round "?"]
[White "Czuhai, Kevin"]
[Black "Yahkind, Alex"]
[Result "0-1"]
[WhiteElo "2235"]
[BlackElo "2100"]
[PlyCount "38"]
[EventDate "1990.??.??"]

1. e4 c5 2. Nf3 Nc6 3. d4 cxd4 4. Nxd4 e6 5. Nxc6 bxc6 6. Bd3 d5 7. O-O Nf6 8.
e5 Nd7 9. f4 f5 10. g4 Bc5+ 11. Kg2 O-O 12. gxf5 exf5 13. Qh5 Nb6 14. b3 Be6
15. Bb2 d4 16. Nd2 Bf7 17. Qxf5 Bd5+ 18. Nf3 Rxf5 19. Bxf5 Qf8 0-1

[Event "Lansing (Feb)"]
[Site "?"]
[Date "1990.??.??"]
[Round "?"]
[White "Czuhai, Kevin"]
[Black "Koster, Ed"]
[Result "0-1"]
[WhiteElo "2235"]
[BlackElo "2180"]
[PlyCount "80"]
[EventDate "1990.??.??"]

1. e4 e5 2. Bc4 Nf6 3. d3 c6 4. Nf3 d5 5. exd5 cxd5 6. Bb3 Nc6 7. O-O Bd6 8.
Bg5 Be6 9. Nc3 Bb4 10. Qe2 Bxc3 11. bxc3 Qd6 12. Rfe1 Nd7 13. Bh4 O-O 14. Ng5
Rac8 15. Bg3 Qc5 16. Nxe6 fxe6 17. d4 Qxc3 18. dxe5 Rf5 19. Qb5 Nc5 20. Rad1
Nd4 21. Qf1 a5 22. Rxd4 Qxd4 23. a4 Nxb3 24. cxb3 Qb4 25. Rc1 Rff8 26. Rb1 Rc3
27. Qd1 Rfc8 28. h3 Qe4 29. Kh2 d4 30. b4 axb4 31. Rxb4 Rd8 32. Qh5 Qf5 33. Qh4
g5 34. Qh5 Qg6 35. Qd1 d3 36. Rxb7 d2 37. Rb1 Qxb1 38. Qxb1 d1=Q 39. Qb6 Qd5
40. a5 Rc6 0-1

[Event "Lansing (Mini-Swiss.1/2)"]
[Site "?"]
[Date "1990.??.??"]
[Round "?"]
[White "Czuhai, Kevin"]
[Black "Helle, Frank"]
[Result "1-0"]
[WhiteElo "2290"]
[BlackElo "2085"]
[PlyCount "85"]
[EventDate "1990.??.??"]

{1/(2)} 1. e4 c5 2. Nf3 e6 3. d4 cxd4 4. Nxd4 a6 5. Bd3 Nf6 6. c4 Qc7 7. O-O
Nc6 8. Nxc6 bxc6 9. Be3 d5 10. Nc3 Bb7 11. cxd5 cxd5 12. Rc1 Qd8 13. Qb3 Qd7
14. exd5 Nxd5 15. Nxd5 Bxd5 16. Bc4 Bxc4 17. Rxc4 Be7 18. Rd1 Qb5 19. Qxb5+
axb5 20. Rc7 Bd8 21. Rb7 O-O 22. Rxb5 Bf6 23. a3 Rfb8 24. Rxb8+ Rxb8 25. b4 Ra8
26. Bc1 Kf8 27. Kf1 Ke7 28. Ke2 Be5 29. f4 Bc7 30. Rd3 g5 31. fxg5 Bxh2 32. g3
Bg1 33. Bb2 Bb6 34. Bf6+ Ke8 35. Kf3 Rc8 36. a4 Rc2 37. a5 Rf2+ 38. Kg4 Bc7 39.
Rc3 Kd7 40. a6 Bb6 41. b5 h6 42. Rd3+ Kc8 43. Rd6 1-0